000 00458nam a2200145 a 4500
001 000034176
005 20260305073958.0
008 110926s1986 dr 000 0 spa d
040 _aDO-SdBNP
_bspa
_cBNPHU
100 1 _aGerón, Candido,
_d1948-
_93577
245 1 0 _aPresencia de once pintores dominicanos /
_cCándico Gerón.
260 _aSanto Domingo :
_bEditora Taller,
_c1986.
300 _a121 p. :
_bil. ;
_c28 cm.
504 _aBibliografía : p. 115 - 121
999 _c33667
_d33667